| 000 | 01592nam a2200373 i 4500 | ||
|---|---|---|---|
| 001 | 182520 | ||
| 003 | ES-MaACL | ||
| 005 | 20250804030236.0 | ||
| 008 | 130911s2011 sp a | |||||||| | spa d | ||
| 020 | _a978-84-7737-424-4 | ||
| 080 | _a929 Luis (44) XIV | ||
| 080 | _a929 Felipe (460) V | ||
| 080 | _a94(460)"1700/14"(093) | ||
| 080 | _a327(460:44)"17"(093) | ||
| 080 | _a327(44:460)"17"(093) | ||
| 245 | 0 | 4 |
_aLas cortes de Madrid y Versalles en el año 1707 : _bestudio traductológico e histórico de las correspondencias real y diplomática / _cJosé Manuel de Bernardo Ares, Elena Echeverría Pereda (coords.). |
| 260 |
_aMadrid : _bSílex, _cimp. 2011. |
||
| 300 |
_a450 p. : _bil. ; _c24 cm. |
||
| 490 | 1 | _aSílex universidad | |
| 504 | _aBibliografía: p. 397-411. Índices. | ||
| 546 | _aTextos en español y francés. | ||
| 600 | 0 | 4 |
_aLuis _bXIV _cRey de Francia- _vCorrespondencia. _9148389 |
| 600 | 0 | 4 |
_aFelipe _bV _cRey de España- _vCorrespondencia. _9148388 |
| 650 | 7 |
_aGuerra de Sucesión española, 1700-1714 _2embne _9140912 |
|
| 651 | 4 |
_aFrancia- _xRelaciones- _zEspaña- _vHistoria. _98716 |
|
| 651 | 4 |
_aEspaña- _xRelaciones- _zFrancia- _vHistoria. _98464 |
|
| 700 | 1 |
_aBernardo Ares, José Manuel de, _d1945- _928291 |
|
| 700 | 1 |
_aEcheverría Pereda, Elena. _9153373 |
|
| 830 | 0 |
_aSílex universidad _9191064 |
|
| 852 |
_aES-MaACL _jA-12900 _9189433 _bR.149744 _cDEPO1 _dOlim: N-5900 _xDonación: José Manuel Bernardo Ares |
||
| 903 |
_aBernardo Ares, José Manuel de, _d1945- _ednr _928291 |
||
| 942 |
_2udc _cMONOGRAFIA |
||
| 999 |
_c182520 _d182520 |
||